| Поле | Инд. | ПП | Название | Значение |
|---|---|---|---|---|
| Тип записи | a | |||
| Библиографический уровень | b | |||
| 001 | Контрольный номер | UNIDUBNAca849c74d5dc480faa254bf5a3d25f93 | ||
| 005 | Дата корректировки | 20230630170754.6 | ||
| 008 | Кодируемые данные | 20170331 | ||
| 040 | b | Код языка каталог. | rus | |
| e | Правила каталог. | PSBO | ||
| 041 | 0_ | a | Код языка текста | rus |
| 084 | a | Индекс другой классификации/Индекс ББК | 60.9 | |
| 100 | 1_ | a | Автор | Митяева Т. Н. |
| 245 | 10 | a | Заглавие | "С концертом к ветерану!" Опыт работы по реализации социального проекта |
| 520 | 0_ | a | Аннотация | В настоящее время в сфере социального обслуживания все большую популярность приобретает внедрение в деятельность организаций новых эффективных авторских социальных технологий, которые влияют не только на вовлечение пожилых людей в активную социальную жизнь, на сохранение здоровья и повышение качества социального обслуживания граждан, но и на реализацию профессиональных навыков работников центров социального обслуживания. |
| 650 | 14 | a | Основная рубрика | социальная работа |
| 653 | 0_ | a | Ключевые слова | ветераны Великой Отечественной войны |
| a | Ключевые слова | волонтерство | ||
| a | Ключевые слова | инновационные технологии | ||
| a | Ключевые слова | концерт на дому | ||
| a | Ключевые слова | пожилые люди | ||
| a | Ключевые слова | профессиональные навыки | ||
| a | Ключевые слова | работники социальной сферы | ||
| a | Ключевые слова | реабилитационные центры | ||
| a | Ключевые слова | Россия | ||
| a | Ключевые слова | социальная защита | ||
| a | Ключевые слова | социальные проекты | ||
| a | Ключевые слова | социальные технологии | ||
| a | Ключевые слова | труженики тыла | ||
| a | Ключевые слова | центры социального обслуживания | ||
| 773 | 08 | t | Заглавие источника | Работник социальной службы |
| d | Дата издания источника | 2022 | ||
| g | Прочая информация | № 4. - С. 39 - 42 | ||
| w | Контрольный № источника | UNIDUBNAacb01dadd13649c3845f6882e49ff180 | ||
| 901 | t | Тип документа | b |